Osmanlı'dan cumhuriyet'e Balkanların makus talihi göç/ (Record no. 13478)

MARC details
000 -BAŞLIK
Sabit Uzunlukta Kontrol Alanı 00854nam a22002417a 4500
999 ## - SİSTEM KONTROL NUMARALARI (KOHA)
Koha Biblionumber 13478
Koha Biblioitemnumber 13478
003 - KONTROL NUMARASI IDENTIFIER
Denetim Alanı MIRAKIL
005 - SON İŞLEM TARİHİ VE ZAMANI
Denetim Alanı 20190917114859.0
008 - SABİT-BOY VERİ ELEMANLARI - GENEL BİLGİLER
Sabit Uzunlukta Kontrol Alanı 190917b tu ||||| |||| 00| 0 tur d
020 ## - ULUSLARARASI STANDART KİTAP NUMARASI
Uluslararası Standart Kitap Numarası 9789753558723
040 ## - KATALOGLAMA KAYNAK
Orijinal Kataloglama Ajansı TR-AnCHP
Metne Dönüştürmek Ajansı TR-AnCHP
041 ## - DİL KODU
Metin / Ses Parça Veya Ayrı Başlığın Dil Kodu tur
082 ## - DEWEY ONLU SINIFLANDIRMA NUMARASI
Sınıflandırma Numarası 304.80956
Ürün Numarası A32o 2013
100 ## - ANA GİRİŞ - KİŞİSEL İSİM
Kişisel Ad Ağanoğlu, Yıldırım H.
245 10 - BAŞLIK TABLOSU
Başlık Osmanlı'dan cumhuriyet'e Balkanların makus talihi göç/
Sorumluluk Tablosu, Vb H. Yıldırım Ağanoğlu.
260 ## - YAYIN, DAĞITIM, VB
Yayın, Dağıtım, Vb Yeri İstanbul:
Yayıncı, Dağıtıcı, Vs Adı İz yayıncılık,
Yayın, Dağıtım, Vb Tarihi 2013.
300 ## - FİZİKSEL TANIM
Kapsam 478 s.:
Diğer Fiziksel Ayrıntıları fotg.;
Boyutlar 21 sm.
490 0# - SERİSİ TABLOSU
Seri Beyanı İz yayıncılık;
-- İnceleme araştırma dizisi;
Hacim / Ardışık Tanımı 686.
-- 256.
504 ## - KAYNAKÇA VB NOT
Kaynakça Vb Notu Kaynakça ve dizin vardır.
650 #0 - KONU KATMA GİRİŞ - TOPİKAL DÖNEM
9 (RLIN) 5967
Topikal Süreli Veya Coğrafi Ad Giriş Elemanı Göç hareketleri
Genel Alt Bölümü Osmanlı İmparatorluğu
650 #0 - KONU KATMA GİRİŞ - TOPİKAL DÖNEM
9 (RLIN) 5967
Topikal Süreli Veya Coğrafi Ad Giriş Elemanı Göç hareketleri
Genel Alt Bölümü Türkiye Cumhuriyeti
650 #0 - KONU KATMA GİRİŞ - TOPİKAL DÖNEM
9 (RLIN) 453
Topikal Süreli Veya Coğrafi Ad Giriş Elemanı Göç, uluslararası
Genel Alt Bölümü Balkanlar
Kronolojik Alt Bölümü Tarih
942 ## - EKLENDİ GİRİŞ ELEMANLARI (KOHA)
Sınıflandırma Veya Raf Düzeni Kaynak Dewey Decimal Classification
Koha Öğesi Türü Books
Holdings
Kalıcı Konum Mevcut Konum Edinme Tarihi Toplam Check-Out'Lar Tam Çağrı Numarası Barkod Tarih Son Görülme İtibaren Geçerli Fiyatlar Koha Öğesi Türü
CHP Kütüphanesi CHP Kütüphanesi 09/17/2019   304.80956 A32o 2013 011934 09/17/2019 09/17/2019 Books